NRL Players - Statistics

General Stats
  • This quiz has been taken 226 times
  • The average score is 10 of 16
Answer Stats
Picture Answer % Correct
Reece Walsh
100%
Nathan Cleary
98%
Kalyn Ponga
91%
Herbie Farnworth
84%
Tom Dearden
79%
William Kennedy
65%
Reed Mahoney
64%
Tyran Wishart
62%
Campbell Graham
60%
Chad Townsend
60%
Reuben Garrick
59%
Tanah Boyd
55%
Keano Kini
51%
Adam Doueihi
45%
J'maine Hopgood
45%
Chevy Stewart
30%
No matching quizzes found
Score Distribution
Percent of People with Each Score
Percentile by Number Answered
Your Score History
You have not taken this quiz